000 00468nmm a2200169Ia 4500
008 251105s9999||||xx |||||||||||||||||und||
020 _a9788490072776
041 _aspa
100 _aPérez Galdós, Benito
245 0 _aEpisodios nacionales I. Cádiz
264 _a[Madrid, España] :
_bLinkgua,
_c2013
300 _a234 páginas
490 _aNarrativa
650 _aSpanish narrative
856 _uhttps://public.digitaliapublishing.com/a/24092
942 _cCF
999 _c87229
_d87229